Geography : (Record no. 170086)

MARC details
000 -LEADER
fixed length control field 00674nam a22001937a 4500
005 - DATE AND TIME OF LATEST TRANSACTION
control field 20191210164957.0
010 ## - LCCN (DPL NO)
LC control number 1819CHEN B-731119
020 ## - INTERNATIONAL STANDARD BOOK NUMBER
International Standard Book Number 9788188536597
Terms of availability 475.00
035 ## - SYSTEM CONTROL NUMBER
System control number B-731119
037 ## - SOURCE OF ACQUISITION
Source of stock number/acquisition Gurukul Vidyapeeth
082 ## - DEWEY DECIMAL CLASSIFICATION NUMBER
Classification number 910
100 ## - MAIN ENTRY--PERSONAL NAME
Personal name Singhal, A.K.
245 ## - TITLE STATEMENT
Title Geography :
Remainder of title multiple questions and answers /
Statement of responsibility, etc by A.K. Singhal
260 ## - PUBLICATION, DISTRIBUTION, ETC. (IMPRINT)
Place of publication, distribution, etc Delhi
Name of publisher, distributor, etc Gurukul Vidyapeeth Prakashan
Date of publication, distribution, etc 2018
270 ## - ADDRESS
Address C-9/175, Yamuna Vihar
City Delhi
Postal code 110053
300 ## - PHYSICAL DESCRIPTION
Extent 168p.:
Dimensions 22cm(Hb)
942 ## - ADDED ENTRY ELEMENTS (KOHA)
Source of classification or shelving scheme Dewey Decimal Classification
Item type English Books
Call number suffix SIN
Classification part 910
Holdings
Withdrawn status Lost status Not for loan Collection code Home library Current library Date acquired Source of acquisition Cost, normal purchase price Full call number Barcode Copy number Cost, replacement price Koha item type
      Non-fiction Kadipur Kadipur 10/12/2019 Gift/ Eng./13.11.2019 475.00 910 SIN B-731119 1 475.00 English Books

© Delhi Public Library
Hit Counter
free hit counter